McFly songs - Statistics

General Stats
  • This quiz has been taken 746 times
  • The average score is 24 of 64
Answer Stats
Answer % Correct
Room on the 3rd Floor
81%
Obviously
77%
5 Colours in Her Hair
74%
Star Girl
71%
All About You
67%
That Girl
61%
Transylvania
59%
Broccoli
58%
Party Girl
54%
Lies
53%
Shine A Light
51%
One For the Radio
48%
Surfer Babe
47%
Bubble Wrap
45%
Please, Please
44%
Don't Stop Me Now/ Silence is a Scary Sound
42%
She Falls Asleep Pt 1
42%
She Falls Asleep Pt 2
42%
Saturday Night
41%
Sorry's Not Good Enough
41%
The Heart Never Lies
40%
Little Joanna
39%
Memory Lane
39%
Do Ya
38%
Not Alone
38%
Friday Night
37%
I'll Be Okay
37%
POV
37%
Ultraviolet
37%
Down By The Lake
36%
iF U C Kate
36%
Corrupted
35%
The Ballad of Paul K
35%
Too Close For Comfort
34%
Hypnotised
33%
I've Got You
33%
She Left Me
32%
The Last Song
32%
That's the Truth
31%
Falling In Love
30%
I Need A Woman
30%
I Wanna Hold You
30%
Smile
30%
End Of the World
29%
Walk in the Sun
29%
Everybody Knows
28%
Met This Girl
26%
The End
26%
Unsaid Things
26%
Down Goes Another One
25%
Nowhere Left to Run
25%
We Are the Young
25%
Lonely
24%
I'll Be Your Man
23%
This Song
23%
Home is Where the Heart Is
22%
Going Through The Motions
21%
Nothing
21%
Foolish
19%
Don't Know Why
18%
Take Me There
17%
Only The Strong Survive
16%
Don't Wake Me Up
9%
The Way You Make Me Feel
7%
No matching quizzes found
Score Distribution
Percent of People with Each Score
Percentile by Number Answered
Your Score History
You have not taken this quiz